El Roadmovie y su perspectiva de la realidad : la mirada del mundo a través del cine y el filme "Sin Norte"

La presente investigación está orientada en explorar el género del roadmovie (viaje por carretera)y las características que componen en la creación de distintas perspectivas sociales/individuales y como mediante el viaje, se generan diferentes poéticas y visiones del mundo...

Full description

Bibliographic Details
Main Author: Aguilera Pizarro, Leonardo
Other Authors: González Martínez, Marco (profesor guía)
Format: Tesis
Language:Spanish
Published: Santiago, Chile : Universidad Academia de Humanismo Cristiano, 2020.
Subjects:

MARC

LEADER 00000nmm a22000007a 4500
001 000321
003 UAHC_CL
005 20221012102021.0
008 220716s2020 cl o d 000 spa
040 |a UAHC_CL  |c UAHC_CL  |d UAHC_CL 
100 |a Aguilera Pizarro, Leonardo  |9 16109 
245 1 3 |a El Roadmovie y su perspectiva de la realidad :   |b la mirada del mundo a través del cine y el filme "Sin Norte"  |c Leonardo Aguilera ; profesor guía Marco González Martínez. 
260 |a Santiago, Chile :  |b Universidad Academia de Humanismo Cristiano,  |c 2020. 
300 |a 32 páginas. 
500 |a Tesis para optar al grado de Licenciado/a en Cine y Artes Audiovisuales. 
502 |a Tesis (Licenciatura en Cine y Artes Audiovisuales)--Universidad Academia de Humanismo Cristiano, 2020. 
516 |a Tesis electrónica (PDF). Solicitar envío de documento a biblioteca@academia.cl. 
520 |a La presente investigación está orientada en explorar el género del roadmovie (viaje por carretera)y las características que componen en la creación de distintas perspectivas sociales/individuales y como mediante el viaje, se generan diferentes poéticas y visiones del mundo. Para esto indagaremos en distintos textos que ahondan en la temática del viaje y las diferentes características creativas que componen la forma visual de narrar en el género del road movie. Además, se ejemplificará con el filme del realizador nacional Fernando Lavanderos, “Sin Norte” el cual cuenta con distintos factores narrativos visuales propias del roadmovie, utilizando metáforas visuales y psicológicas. 
650 0 |9 3828  |a Cine chileno 
650 0 |9 3208  |a Películas cinematográficas  |z Chile 
700 |9 9353  |a González Martínez, Marco  |e profesor guía 
900 |a TLCI 42 
942 |c TS  |2 ddc 
952 |0 0  |1 0  |4 0  |6 TLCI_42_000000000000000  |7 0  |8 COMP  |9 95887  |a BC  |b BC  |c Digital  |d 2022-10-11  |l 0  |o TLCI 42  |r 2022-10-11 00:00:00  |w 2022-10-11  |y TS  |z Documento en PDF  |B LCIN 
999 |c 59709  |d 59709